[Event "56th Rubinstein Memorial C 2020"]
[Site "Polanica Zdroj"]
[Date "2020.08.19"]
[Round "5.9"]
[White "Lewandrowski, Tomasz"]
[Black "Plichta, Krzysztof"]
[Result "1/2-1/2"]
[WhiteElo "1879"]
[BlackElo "1605"]
[Annotator "NA"]
[PlyCount "130"]
[EventDate "2020.08.15"]
[EventType "swiss"]
[EventCountry "POL"]
[SourceTitle "playchess.com"]
[Source "ChessBase"]
[SourceQuality "1"]
[TimeControl "40/5400+30:1800+30"]

1. e4 {[%emt 0:00:00]} c6 {[%emt 0:00:00]} 2. d4 {[%emt 0:00:00]} d5 {[%emt 0:00:00]} 3. exd5 {[%emt 0:00:00]} cxd5 {[%emt 0:00:00]} 4. Bd3 {[%emt 0:00:11]} Nc6 {[%emt 0:00:05]} 5. c3 {[%emt 0:00:08]} Qc7 {[%emt 0:00:12]} 6. Ne2 {[%emt 0:01:14]} Bg4 {[%emt 0:01:39]} 7. Qb3 {[%emt 0:06:57] Recently 7.0-0 got a lot of attention. B13: Caro-Kann: Exchange Variation and Panov-Botvinnik Attack.} Bxe2 {[%emt 0:02:13]} 8. Bxe2 {[%emt 0:00:40]} Nxd4 {[%emt 0:01:45]} 9. Qxd5 {[%emt 0:02:47]} Nxe2 {[%emt 0:00:17]} 10. Qb5+ {[%emt 0:00:28]} Qd7 {[%emt 0:00:46]} 11. Qxd7+ {[%emt 0:00:25]} Kxd7 {[%emt 0:00:15]} 12. Kxe2 {[%emt 0:00:03] [#]} e6 $146 {[%emt 0:02:39]} ({Predecessor:} 12... e5 13. Rd1+ Kc7 14. Be3 f5 15. f3 Nf6 16. Nd2 b6 17. Nc4 Re8 18. a4 f4 {½-½ (45) Vega Gutierrez,S-Vilar Lopez,M (2135) Empuriabrava 1997}) 13. Nd2 {[%emt 0:00:49]} Bd6 {[%emt 0:02:29]} 14. Nc4 {[%emt 0:01:34]} Rc8 {[%emt 0:01:43]} 15. Nxd6 {[%emt 0:00:33]} Kxd6 {[%emt 0:00:03]} 16. Be3 {[%emt 0:00:25]} b6 {[%emt 0:00:28]} 17. Rhd1+ {[%emt 0:00:52]} Ke7 {[%emt 0:00:43]} 18. a4 {[%emt 0:00:24]} Nf6 {[%emt 0:04:05]} 19. a5 {[%emt 0:00:31]} Nd5 {[%emt 0:00:21]} 20. axb6 {[%emt 0:00:40]} axb6 {[%emt 0:00:16]} 21. Ra7+ {[%emt 0:06:24]} Kf6 {[%emt 0:01:35]} 22. Rda1 {[%emt 0:00:26]} b5 {[%emt 0:02:28]} 23. Rb7 {[%emt 0:02:56]} b4 {[%emt 0:00:34]} 24. Bd4+ {[%emt 0:01:38]} e5 $16 {[%emt 0:02:11]} (24... Kg6 $14) 25. Ra6+ {[%emt 0:00:14]} Kg5 {[%emt 0:00:21]} 26. Ra5 {[%emt 0:18:30]} exd4 {[%emt 0:12:32]} 27. Rxd5+ {[%emt 0:00:12]} Kg6 {[%emt 0:03:50]} 28. cxb4 {[%emt 0:01:18]} Rc2+ {[%emt 0:03:33]} 29. Kf3 {[%emt 0:00:20]} Re8 {[%emt 0:03:57]} 30. Rd6+ {[%emt 0:05:01]} Re6 {[%emt 0:01:15]} 31. Rbd7 {[%emt 0:01:50]} Rxb2 {[%emt 0:03:23]} 32. Rxe6+ {[%emt 0:00:21]} fxe6 {[%emt 0:00:06]} 33. Rxd4 {[%emt 0:00:08]} Kf5 {[%emt 0:01:57]} 34. g3 {[%emt 0:05:24]} e5 {[%emt 0:01:07]} 35. Rc4 {[%emt 0:00:45]} Rb3+ {[%emt 0:02:09]} 36. Kg2 {[%emt 0:00:29]} h5 {[%emt 0:04:06]} 37. h3 {[%emt 0:03:50]} g5 {[%emt 0:03:51]} 38. g4+ {[%emt 0:02:50]} hxg4 {[%emt 0:01:30]} 39. hxg4+ {[%emt 0:00:01]} Ke6 {[%emt 0:01:11]} 40. Rc6+ {[%emt 0:00:00]} Kf7 {[%emt 0:00:00]} 41. Rb6 {[%emt 0:01:04]} e4 {[%emt 0:02:50]} 42. Rb8 {[%emt 0:02:32]} e3 {[%emt 0:04:54]} 43. fxe3 {[%emt 0:01:15]} Rxe3 {[%emt 0:00:10]} 44. b5 {[%emt 0:01:33]} Rb3 {[%emt 0:05:01]} 45. b6 {[%emt 0:00:13]} Kg7 {[%emt 0:00:32]} 46. b7 {[%emt 0:00:32]} Kh7 {[%emt 0:00:33]} 47. Kf2 {[%emt 0:00:20]} Kg7 {[%emt 0:00:13]} 48. Ke2 {[%emt 0:00:08]} Rb2+ {[%emt 0:01:39]} 49. Kd3 {[%emt 0:01:10]} Rb3+ {[%emt 0:00:31]} 50. Kc4 {[%emt 0:03:57]} Rb1 {[%emt 0:00:28]} 51. Kc5 {[%emt 0:00:42]} Rc1+ {[%emt 0:01:26]} 52. Kd6 {[%emt 0:00:50]} Rd1+ {[%emt 0:01:21]} 53. Ke6 {[%emt 0:00:43]} Rb1 {[%emt 0:00:47]} 54. Rd8 {[%emt 0:07:09]} Rxb7 {[%emt 0:00:14]} 55. Rd7+ {[%emt 0:00:07]} Rxd7 {[%emt 0:00:04]} 56. Kxd7 {[%emt 0:00:05]} Kf7 {[%emt 0:00:12]} 57. Kd6 {[%emt 0:00:12]} Kf6 {[%emt 0:00:09]} 58. Kd5 {[%emt 0:00:07]} Kf7 {[%emt 0:00:15]} 59. Ke5 {[%emt 0:00:10]} Kg8 {[%emt 0:00:43]} 60. Kf5 {[%emt 0:00:42]} Kh8 {[%emt 0:00:14]} 61. Kxg5 {[%emt 0:01:00]} Kg7 {[%emt 0:00:06]} 62. Kf5 {[%emt 0:00:27]} Kf7 {[%emt 0:00:12]} 63. g5 {[%emt 0:00:11]} Kg7 {[%emt 0:00:10]} 64. g6 {[%emt 0:00:07]} Kg8 {[%emt 0:00:17]} 65. Kg5 {[%emt 0:01:04]} Kg7 {[%emt 0:00:13]} 1/2-1/2

[Event "56th Rubinstein Memorial C 2020"]
[Site "Polanica Zdroj"]
[Date "2020.08.19"]
[Round "5.10"]
[White "Grot, Blazej"]
[Black "Rudecki, Bartosz"]
[Result "1/2-1/2"]
[WhiteElo "1768"]
[BlackElo "1831"]
[Annotator "NA"]
[PlyCount "26"]
[EventDate "2020.08.15"]
[EventType "swiss"]
[EventCountry "POL"]
[SourceTitle "playchess.com"]
[Source "ChessBase"]
[SourceQuality "1"]
[TimeControl "40/5400+30:1800+30"]

1. e4 {[%emt 0:00:00]} e5 {[%emt 0:09:29]} 2. Nf3 {[%emt 0:00:00]} Nf6 {[%emt 0:00:05]} 3. d4 {[%emt 0:00:00]} Nxe4 {[%emt 0:00:23]} 4. Bd3 {[%emt 0:00:21]} d5 {[%emt 0:00:05]} 5. Nxe5 {[%emt 0:00:20]} Nd7 {[%emt 0:00:40]} 6. Nxd7 {[%emt 0:05:39]} Bxd7 {[%emt 0:00:28]} 7. O-O {[%emt 0:01:00]} Bd6 {[%emt 0:01:39]} 8. Nd2 {[%emt 0:05:38]} Nxd2 {[%emt 0:01:28]} 9. Bxd2 {[%emt 0:01:01]} O-O {[%emt 0:04:05]} 10. Qh5 {[%emt 0:01:57]} f5 {[%emt 0:01:00]} 11. Rfe1 {[%emt 0:01:32]} Qf6 {[%emt 0:01:33]} 12. c3 {[%emt 0:03:32]} Rae8 {[%emt 0:04:54]} 13. h3 {[%emt 0:00:51]} g6 {[%emt 0:02:34]} 1/2-1/2

[Event "56th Rubinstein Memorial C 2020"]
[Site "Polanica Zdroj"]
[Date "2020.08.19"]
[Round "5.11"]
[White "Maslo, Slawomir"]
[Black "Borowski, Przemyslaw"]
[Result "0-1"]
[WhiteElo "1740"]
[BlackElo "1790"]
[Annotator "NA RC"]
[PlyCount "88"]
[EventDate "2020.08.15"]
[EventType "swiss"]
[EventCountry "POL"]
[SourceTitle "playchess.com"]
[Source "ChessBase"]
[SourceQuality "1"]
[TimeControl "40/5400+30:1800+30"]

1. d4 c5 2. d5 Nf6 3. c4 b5 4. cxb5 a6 5. bxa6 g6 6. a7 Rxa7 7. Nc3 Ba6 8. e4 Bxf1 9. Kxf1 d6 10. g3 Bg7 11. Kg2 O-O 12. Nf3 Qb6 13. Re1 Na6 14. a4 Nb4 15. Nb5 Rb7 16. Nd2 Qa6 17. Ra3 Ne8 18. Nb1 Nc7 19. N1c3 Nxb5 20. Nxb5 c4 21. Re2 Nd3 22. Rc2 Rxb5 23. axb5 Qxb5 24. Qd2 f5 25. Ra5 Qb6 26. f4 Qd4 27. Qe2 g5 28. Ra4 gxf4 29. gxf4 fxe4 30. Be3 Qxd5 31. Raxc4 Rxf4 32. Kh1 Rf8 33. Rc8 Qe6 34. Rxf8+ Kxf8 35. Qh5 Qg6 36. Rc8+ Kf7 37. Qd5+ Qe6 38. Qh5+ Qg6 39. Qh4 Qf5 40. Kg1 Qxc8 41. Qxe4 Nxb2 42. Qxh7 Qg4+ 43. Kf1 Qf3+ 44. Bf2 Nd1 0-1

[Event "56th Rubinstein Memorial C 2020"]
[Site "Polanica Zdroj"]
[Date "2020.08.19"]
[Round "5.12"]
[White "Raczek, Krzysztof"]
[Black "Lambrecht, Tomasz"]
[Result "1/2-1/2"]
[WhiteElo "1712"]
[BlackElo "1750"]
[Annotator "NA"]
[PlyCount "66"]
[EventDate "2020.08.15"]
[EventType "swiss"]
[EventCountry "POL"]
[SourceTitle "playchess.com"]
[Source "ChessBase"]
[SourceQuality "1"]
[TimeControl "40/5400+30:1800+30"]

1. e4 {[%emt 0:00:00]} c6 {[%emt 0:00:00]} 2. d4 {[%emt 0:00:00]} d5 {[%emt 0:00:00]} 3. exd5 {[%emt 0:00:00]} cxd5 {[%emt 0:00:00]} 4. Bd3 {[%emt 0:00:08]} Nc6 {[%emt 0:00:00]} 5. c3 {[%emt 0:00:05]} Nf6 {[%emt 0:00:00]} 6. h3 {[%emt 0:00:06]} g6 {[%emt 0:00:00]} 7. Nf3 {[%emt 0:00:20]} Bg7 {[%emt 0:02:20]} 8. O-O {[%emt 0:00:17]} Qc7 {[%emt 0:00:39]} 9. Re1 {[%emt 0:02:39]} Bf5 {[%emt 0:01:53]} 10. Bxf5 {[%emt 0:03:19]} gxf5 {[%emt 0:00:02]} 11. Nh4 {[%emt 0:00:01]} e6 {[%emt 0:06:49]} 12. Nxf5 {[%emt 0:00:11]} Bf8 {[%emt 0:00:00]} 13. Qf3 {[%emt 0:02:38]} Ne4 {[%emt 0:01:27]} 14. Ng3 {[%emt 0:03:38]} f5 {[%emt 0:04:27]} 15. Qh5+ {[%emt 0:04:29]} Kd7 {[%emt 0:03:04]} 16. Nd2 {[%emt 0:14:59]} Be7 {[%emt 0:07:39]} 17. Ngxe4 {[%emt 0:07:11]} fxe4 {[%emt 0:00:16]} 18. Qe2 {[%emt 0:03:09]} Rhg8 {[%emt 0:13:17]} 19. f3 {[%emt 0:12:00]} Rg6 {[%emt 0:04:37]} 20. fxe4 {[%emt 0:01:20]} Rag8 {[%emt 0:00:11]} 21. e5 {[%emt 0:00:41]} Bh4 {[%emt 0:05:41]} 22. Rf1 {[%emt 0:01:22]} Rxg2+ {[%emt 0:00:35]} 23. Qxg2 {[%emt 0:00:10]} Rxg2+ {[%emt 0:02:44]} 24. Kxg2 {[%emt 0:02:24]} Qd8 {[%emt 0:00:38]} 25. Rf4 {[%emt 0:02:11]} Bg5 {[%emt 0:00:26]} 26. Rg4 {[%emt 0:00:55]} h5 {[%emt 0:02:31]} 27. Rg3 {[%emt 0:00:52]} Bh4 {[%emt 0:04:59]} 28. Rg7+ {[%emt 0:00:23]} Ne7 {[%emt 0:00:16]} 29. Nf3 {[%emt 0:00:20]} Qh8 {[%emt 0:01:07]} 30. Rxe7+ {[%emt 0:06:00]} Bxe7 {[%emt 0:00:04]} 31. Be3 {[%emt 0:00:53]} Qh7 {[%emt 0:02:20]} 32. Rf1 {[%emt 0:01:05]} h4 {[%emt 0:25:29]} 33. Nh2 {[%emt 0:13:46]} Qe4+ {[%emt 0:03:55]} 1/2-1/2

[Event "56th Rubinstein Memorial C 2020"]
[Site "Polanica Zdroj"]
[Date "2020.08.19"]
[Round "5.13"]
[White "Wolak, Julia"]
[Black "Raclawicki, Kacper"]
[Result "0-1"]
[WhiteElo "1516"]
[BlackElo "1879"]
[Annotator "NA"]
[PlyCount "80"]
[EventDate "2020.08.15"]
[EventType "swiss"]
[EventCountry "POL"]
[SourceTitle "playchess.com"]
[Source "ChessBase"]
[SourceQuality "1"]
[TimeControl "40/5400+30:1800+30"]

1. e4 {[%emt 0:00:31]} c5 {[%emt 0:00:00]} 2. Nf3 {[%emt 0:00:09]} e6 {[%emt 0:00:21]} 3. d3 {[%emt 0:00:08]} Nc6 {[%emt 0:00:55]} 4. Nbd2 {[%emt 0:00:32]} g6 {[%emt 0:01:30]} 5. g3 {[%emt 0:00:07]} Bg7 {[%emt 0:00:26]} 6. Bg2 {[%emt 0:00:42]} Nge7 {[%emt 0:00:55]} 7. O-O {[%emt 0:00:25]} O-O {[%emt 0:02:40]} 8. Re1 {[%emt 0:01:25]} d6 {[%emt 0:01:02]} 9. c3 {[%emt 0:03:09]} Rb8 {[%emt 0:02:17]} 10. Nf1 {[%emt 0:05:25]} b5 {[%emt 0:02:58]} 11. Be3 {[%emt 0:05:16]} b4 {[%emt 0:07:16]} 12. Qd2 {[%emt 0:00:57]} Qa5 {[%emt 0:01:56]} 13. d4 {[%emt 0:01:22]} bxc3 {[%emt 0:10:41]} 14. bxc3 {[%emt 0:07:01]} Ba6 {[%emt 0:02:44]} 15. Rec1 $15 {[%emt 0:01:43]} Rfd8 {[%emt 0:06:22]} 16. Rc2 {[%emt 0:12:13]} Qa3 {[%emt 0:09:05]} 17. c4 {[%emt 0:06:42]} Na5 {[%emt 0:09:19]} 18. Rac1 {[%emt 0:02:24]} Nec6 {[%emt 0:03:17]} 19. Rc3 {[%emt 0:07:56]} Qa4 {[%emt 0:00:31]} 20. Qd3 {[%emt 0:00:25]} Nb4 {[%emt 0:15:32]} 21. Qd1 {[%emt 0:09:36]} Qxd1 {[%emt 0:01:33]} 22. Rxd1 {[%emt 0:00:06]} Nxc4 {[%emt 0:00:20]} 23. a3 {[%emt 0:05:23]} Nc6 {[%emt 0:01:10]} 24. Rcc1 {[%emt 0:02:38]} Nb2 {[%emt 0:08:10]} 25. Rd2 {[%emt 0:00:50]} c4 {[%emt 0:00:21]} 26. d5 {[%emt 0:00:57]} c3 {[%emt 0:03:09]} 27. Rdc2 {[%emt 0:00:43]} Ne5 {[%emt 0:01:41]} 28. Nd4 {[%emt 0:01:38]} Nbd3 {[%emt 0:01:38]} 29. Ra1 {[%emt 0:02:04]} Rdc8 {[%emt 0:01:54]} 30. dxe6 {[%emt 0:01:58]} fxe6 {[%emt 0:00:32]} 31. Nxe6 {[%emt 0:00:36]} Rb2 {[%emt 0:00:25]} 32. Nd4 {[%emt 0:01:12]} Ng4 {[%emt 0:01:51]} 33. Bc1 {[%emt 0:05:35]} Bxd4 {[%emt 0:00:43]} 34. Bxb2 {[%emt 0:01:08]} cxb2 {[%emt 0:00:13]} 35. Rxc8+ {[%emt 0:00:33]} Bxc8 {[%emt 0:00:01]} 36. Rb1 {[%emt 0:01:18]} Ngxf2 {[%emt 0:01:16]} 37. Bf3 {[%emt 0:02:29]} Nd1+ {[%emt 0:00:48]} 38. Kg2 {[%emt 0:00:35]} Nc3 {[%emt 0:00:58]} 39. Nd2 {[%emt 0:00:20]} Nxb1 {[%emt 0:00:08]} 40. Nxb1 {[%emt 0:00:00]} Ne1+ {[%emt 0:00:00]} 0-1

[Event "56th Rubinstein Memorial C 2020"]
[Site "Polanica Zdroj"]
[Date "2020.08.19"]
[Round "5.14"]
[White "Trusz, Julia"]
[Black "Mocny, Tomasz"]
[Result "1-0"]
[WhiteElo "1645"]
[BlackElo "1802"]
[Annotator "NA"]
[PlyCount "77"]
[EventDate "2020.08.15"]
[EventType "swiss"]
[EventCountry "POL"]
[SourceTitle "playchess.com"]
[Source "ChessBase"]
[SourceQuality "1"]
[TimeControl "40/5400+30:1800+30"]

1. d4 {[%emt 0:00:00]} d5 {[%emt 0:00:00]} 2. c4 {[%emt 0:00:05]} c6 {[%emt 0:00:03]} 3. Nf3 {[%emt 0:00:31]} Nf6 {[%emt 0:00:23]} 4. Qc2 {[%emt 0:00:34]} a6 {[%emt 0:01:10]} 5. g3 {[%emt 0:02:38]} b5 {[%emt 0:06:51]} 6. c5 {[%emt 0:02:17]} Bg4 {[%emt 0:04:48]} 7. Nbd2 {[%emt 0:02:40]} Nbd7 {[%emt 0:03:55]} 8. Bg2 {[%emt 0:02:14]} Qc7 {[%emt 0:03:12]} 9. O-O {[%emt 0:01:56]} e5 {[%emt 0:06:03]} 10. dxe5 {[%emt 0:02:53]} Nxe5 {[%emt 0:00:40]} 11. Nxe5 {[%emt 0:00:50]} Qxe5 {[%emt 0:00:20]} 12. Nf3 {[%emt 0:01:28]} Qe4 {[%emt 0:22:40]} 13. Qxe4+ {[%emt 0:10:38]} Nxe4 {[%emt 0:13:59]} 14. Ne5 {[%emt 0:02:08]} Bf5 {[%emt 0:06:17]} 15. Be3 {[%emt 0:07:50]} Rc8 {[%emt 0:01:51]} 16. Rac1 {[%emt 0:02:52]} f6 {[%emt 0:05:22]} 17. Nf3 {[%emt 0:02:23]} Bg4 {[%emt 0:05:59]} 18. Rfe1 {[%emt 0:05:53]} Kf7 {[%emt 0:01:23]} 19. Nd4 {[%emt 0:05:56]} Bd7 {[%emt 0:01:52]} 20. Nb3 {[%emt 0:03:16]} Ng5 {[%emt 0:02:35]} 21. Bxg5 {[%emt 0:06:18]} fxg5 {[%emt 0:00:06]} 22. e4 {[%emt 0:00:20]} dxe4 {[%emt 0:01:21]} 23. Bxe4 {[%emt 0:00:29]} Be7 {[%emt 0:01:57]} 24. Nd4 {[%emt 0:05:02]} g6 {[%emt 0:00:55]} 25. b4 {[%emt 0:04:19]} Bf6 {[%emt 0:02:01]} 26. Rcd1 {[%emt 0:00:15]} Rhd8 {[%emt 0:01:34]} 27. Ne2 {[%emt 0:04:21]} a5 {[%emt 0:03:04]} 28. bxa5 {[%emt 0:01:26]} Be8 {[%emt 0:01:43]} 29. Bc2 {[%emt 0:04:34]} Ra8 {[%emt 0:01:22]} 30. Rxd8 {[%emt 0:00:41]} Bxd8 {[%emt 0:00:39]} 31. Nd4 {[%emt 0:02:14]} Bxa5 {[%emt 0:00:17]} 32. Bb3+ {[%emt 0:00:38]} Kf8 {[%emt 0:00:44]} 33. Ne6+ {[%emt 0:02:41]} Ke7 {[%emt 0:00:09]} 34. Re3 {[%emt 0:00:36]} Kf6 {[%emt 0:00:48]} 35. Rf3+ {[%emt 0:01:02]} Ke7 {[%emt 0:00:23]} 36. Nxg5 {[%emt 0:00:52]} h6 {[%emt 0:00:29]} 37. Re3+ {[%emt 0:01:14]} Kf6 {[%emt 0:00:39]} 38. Nh7+ {[%emt 0:01:13]} Kf5 {[%emt 0:00:46]} 39. Be6# {[%emt 0:00:10]} 1-0

[Event "56th Rubinstein Memorial C 2020"]
[Site "Polanica Zdroj"]
[Date "2020.08.19"]
[Round "5.15"]
[White "Vanduyfhuys, Igor"]
[Black "Siekanska, Zuzanna"]
[Result "0-1"]
[WhiteElo "1776"]
[BlackElo "1680"]
[Annotator "NA"]
[PlyCount "56"]
[EventDate "2020.08.15"]
[EventType "swiss"]
[EventCountry "POL"]
[SourceTitle "playchess.com"]
[Source "ChessBase"]
[SourceQuality "1"]
[TimeControl "40/5400+30:1800+30"]

1. e4 {[%emt 0:00:00]} c5 {[%emt 0:00:00]} 2. Nf3 {[%emt 0:00:00]} e6 {[%emt 0:00:00]} 3. d4 {[%emt 0:00:02]} cxd4 {[%emt 0:00:00]} 4. Nxd4 {[%emt 0:00:22]} Nf6 {[%emt 0:00:00]} 5. Nc3 {[%emt 0:00:27]} d6 {[%emt 0:00:00]} 6. Be2 {[%emt 0:00:12]} Be7 {[%emt 0:00:00]} 7. O-O {[%emt 0:00:42]} Nc6 {[%emt 0:00:00]} 8. Be3 {[%emt 0:00:55]} O-O {[%emt 0:00:03]} 9. Kh1 {[%emt 0:00:13]} e5 {[%emt 0:00:09]} 10. Nb3 {[%emt 0:00:41]} Be6 {[%emt 0:00:45]} 11. f4 {[%emt 0:00:25]} exf4 {[%emt 0:00:22]} 12. Bxf4 {[%emt 0:00:32]} d5 {[%emt 0:02:43]} 13. exd5 {[%emt 0:03:08]} Nxd5 14. Nxd5 {[%emt 0:00:17]} Qxd5 {[%emt 0:03:20]} 15. Qe1 {[%emt 0:02:18]} Rad8 {[%emt 0:10:02]} 16. Bf3 {[%emt 0:01:47]} Qc4 {[%emt 0:04:03]} 17. Be4 {[%emt 0:03:48]} Rfe8 {[%emt 0:10:23]} 18. Nd2 {[%emt 0:00:35]} Qb4 {[%emt 0:02:17]} 19. c3 {[%emt 0:03:11]} Qxb2 {[%emt 0:10:28]} 20. Rb1 {[%emt 0:00:12]} Qxc3 {[%emt 0:00:13]} 21. Rxb7 {[%emt 0:00:09]} Bd5 {[%emt 0:08:35]} 22. Bxd5 {[%emt 0:06:18]} Rxd5 {[%emt 0:00:40]} 23. Rc7 {[%emt 0:00:56]} Rdd8 {[%emt 0:07:31]} 24. Qe4 {[%emt 0:02:22]} Rc8 {[%emt 0:02:08]} 25. Nb1 {[%emt 0:01:12]} Qf6 {[%emt 0:01:49]} 26. Rb7 {[%emt 0:02:36]} Bd6 {[%emt 0:03:26]} 27. Qc4 {[%emt 0:01:47]} Bxf4 {[%emt 0:01:23]} 28. Nd2 {[%emt 0:02:26]} Na5 {[%emt 0:01:45]} 0-1

[Event "56th Rubinstein Memorial C 2020"]
[Site "Polanica Zdroj"]
[Date "2020.08.19"]
[Round "5.16"]
[White "Ciechonski, Piotr"]
[Black "Kieca, Aleksandra"]
[Result "1/2-1/2"]
[WhiteElo "1774"]
[BlackElo "1594"]
[Annotator "NA RC"]
[PlyCount "238"]
[EventDate "2020.08.15"]
[EventType "swiss"]
[EventCountry "POL"]
[SourceTitle "playchess.com"]
[Source "ChessBase"]
[SourceQuality "1"]
[TimeControl "40/5400+30:1800+30"]

1. e4 c5 2. Nc3 e6 3. f4 d5 4. d3 Nc6 5. Nf3 dxe4 6. Nxe4 Be7 7. g3 Nf6 8. Bg2 O-O 9. O-O Qb6 10. Nf2 Nd5 11. a3 Bf6 12. c4 Nde7 13. Ne4 Bd4+ 14. Nxd4 Nxd4 15. b4 cxb4 16. axb4 Ndc6+ 17. Nf2 Nxb4 18. Qb3 Bd7 19. Ba3 a5 20. Kh1 Nec6 21. Rab1 Rfd8 22. Bb2 Nd4 23. Qc3 Bc6 24. h4 Bxg2+ 25. Kxg2 Nbc2 26. Kh3 Qb4 27. Rfc1 Qxc3 28. Bxc3 a4 29. Rb2 a3 30. Rbxc2 Nxc2 31. Rxc2 a2 32. Ba1 Rd6 33. Rb2 b6 34. Kg4 Kf8 35. Kf3 Ke8 36. Ke3 f6 37. Ne4 Rc6 38. Nc3 Rc7 39. Rxb6 Kd7 40. g4 Rc6 41. Rb3 Rc7 42. Kd2 Kc6 43. Kc2 g5 44. fxg5 fxg5 45. hxg5 Rf7 46. Ne2 Rf2 47. Kd2 Ra7 48. Rb2 Rf1 49. Nc1 Rg1 50. Kc2 Rxg4 51. Rb5 Rg2+ 52. Kc3 Rg1 53. Nb3 Rb1 54. Kc2 Rh1 55. Rc5+ Kd6 56. Be5+ Kd7 57. Rb5 Rf1 58. Rb6 Rf2+ 59. Kd1 Rf1+ 60. Ke2 Rb1 61. Nc5+ Ke7 62. Rxe6+ Kf7 63. Rf6+ Ke8 64. Re6+ Kf7 65. Rh6 Ke8 66. Ne4 Re7 67. Bd4 a1=Q 68. Bxa1 Rxa1 69. Rxh7 Rxh7 70. Nf6+ Kf7 71. Nxh7 Kg6 72. Nf6 Kxg5 73. Nd5 Kf5 74. Ke3 Ke5 75. d4+ Kd6 76. Ke4 Re1+ 77. Ne3 Rc1 78. Kd3 Kc6 79. Nc2 Rd1+ 80. Kc3 Rc1 81. Kb2 Rh1 82. Nb4+ Kb6 83. Kc3 Rc1+ 84. Nc2 Kc6 85. Kd2 Rh1 86. Nb4+ Kb6 87. Nd5+ Kc6 88. Ne7+ Kd6 89. Nf5+ Kc6 90. Kd3 Rd1+ 91. Ke4 Re1+ 92. Ne3 Rc1 93. Ng4 Re1+ 94. Kf5 Rf1+ 95. Ke6 Re1+ 96. Ne5+ Kc7 97. c5 Rc1 98. Kd5 Rh1 99. Nf7 Rh4 100. Nd6 Rh5+ 101. Kc4 Kc6 102. Nf7 Rh4 103. Nd8+ Kd7 104. Nb7 Rg4 105. Na5 Kc7 106. Nb3 Rh4 107. Nc1 Kc6 108. Nd3 Kc7 109. Kd5 Rh6 110. Ne5 Rh1 111. c6 Rc1 112. Ke6 Rh1 113. d5 Rh6+ 114. Ke7 Rd6 115. Kf7 Rxd5 116. Ke6 Rd1 117. Ke7 Re1 118. Ke6 Rxe5+ 119. Kxe5 Kxc6 1/2-1/2

[Event "56th Rubinstein Memorial C 2020"]
[Site "Polanica Zdroj"]
[Date "2020.08.20"]
[Round "6.1"]
[White "Podgorski, Maciej"]
[Black "Komendecki, Jacek"]
[Result "1-0"]
[WhiteElo "1810"]
[BlackElo "2024"]
[Annotator "NA"]
[PlyCount "37"]
[EventDate "2020.08.15"]
[EventType "swiss"]
[EventCountry "POL"]
[SourceTitle "playchess.com"]
[Source "ChessBase"]
[SourceQuality "1"]
[TimeControl "40/5400+30:1800+30"]

1. e4 {[%emt 0:00:00]} c5 {[%emt 0:00:00]} 2. Nf3 {[%emt 0:00:00]} g6 {[%emt 0:00:00]} 3. d4 {[%emt 0:00:00]} cxd4 {[%emt 0:00:00]} 4. Nxd4 {[%emt 0:00:00]} Nf6 {[%emt 0:00:00]} 5. Nc3 {[%emt 0:00:06]} Nc6 {[%emt 0:00:00]} 6. Nxc6 {[%emt 0:00:09]} bxc6 {[%emt 0:00:00]} 7. e5 {[%emt 0:00:07]} Nh5 8. Bc4 {[%emt 0:05:52]} Qa5 {[%emt 0:04:28]} 9. O-O {[%emt 0:04:08]} Qxe5 {[%emt 0:01:37]} 10. Re1 {[%emt 0:00:31]} Qc5 {[%emt 0:01:51]} 11. Ne4 {[%emt 0:00:37]} Qb6 {[%emt 0:03:48]} 12. Nd6+ {[%emt 0:00:32]} Kd8 {[%emt 0:00:01]} 13. Nxf7+ {[%emt 0:00:27]} Ke8 {[%emt 0:06:58]} 14. Nxh8 {[%emt 0:01:48]} d5 {[%emt 0:00:06]} 15. Bxd5 cxd5 {[%emt 0:00:43]} 16. Qxd5 {[%emt 0:08:02]} Bb7 {[%emt 0:00:08]} 17. Qf7+ {[%emt 0:00:07]} Kd7 {[%emt 0:00:01]} 18. Rd1+ {[%emt 0:00:59]} Kc7 {[%emt 0:00:40]} 19. Bf4+ 1-0

[Event "56th Rubinstein Memorial C 2020"]
[Site "Polanica Zdroj"]
[Date "2020.08.20"]
[Round "6.3"]
[White "Budnik, Mateusz"]
[Black "Komendecki, Antoni"]
[Result "1/2-1/2"]
[WhiteElo "2033"]
[BlackElo "1631"]
[Annotator "NA"]
[PlyCount "76"]
[EventDate "2020.08.15"]
[EventType "swiss"]
[EventCountry "POL"]
[SourceTitle "playchess.com"]
[Source "ChessBase"]
[SourceQuality "1"]
[TimeControl "40/5400+30:1800+30"]

1. Nf3 {[%emt 0:00:00]} c5 {[%emt 0:00:03]} 2. b3 {[%emt 0:00:00]} g6 {[%emt 0:00:46]} 3. Bb2 {[%emt 0:00:05]} Nf6 {[%emt 0:00:06]} 4. e3 {[%emt 0:01:50]} Bg7 {[%emt 0:00:26]} 5. Be2 {[%emt 0:00:28]} O-O 6. O-O d5 {[%emt 0:01:09]} 7. d4 {[%emt 0:00:39]} cxd4 {[%emt 0:00:31]} 8. exd4 {[%emt 0:00:31]} Nc6 {[%emt 0:00:32]} 9. Ne5 {[%emt 0:01:21]} Nxe5 {[%emt 0:06:31]} 10. dxe5 {[%emt 0:01:29]} Nd7 {[%emt 0:01:01]} 11. f4 {[%emt 0:04:50]} e6 {[%emt 0:01:55]} 12. Na3 {[%emt 0:01:43]} f6 {[%emt 0:01:52]} 13. exf6 {[%emt 0:03:59]} Nxf6 {[%emt 0:00:17]} 14. Bf3 {[%emt 0:01:44]} Bd7 {[%emt 0:02:35]} 15. c4 {[%emt 0:01:46]} Bc6 {[%emt 0:02:31]} 16. Qe2 {[%emt 0:03:21]} Qb6+ {[%emt 0:05:21]} 17. Kh1 {[%emt 0:02:59]} Rae8 {[%emt 0:01:08]} 18. Rae1 {[%emt 0:06:44]} Ne4 {[%emt 0:06:43]} 19. Bxe4 {[%emt 0:04:01]} dxe4 {[%emt 0:00:45]} 20. Bxg7 {[%emt 0:04:08]} Kxg7 {[%emt 0:00:30]} 21. Nb1 {[%emt 0:05:48]} e5 {[%emt 0:08:27]} 22. fxe5 {[%emt 0:01:04]} Rxf1+ {[%emt 0:00:39]} 23. Rxf1 {[%emt 0:03:14]} Rxe5 {[%emt 0:00:23]} 24. Qb2 {[%emt 0:04:10]} Qc7 {[%emt 0:04:03]} 25. Nc3 {[%emt 0:07:29]} Kg8 {[%emt 0:02:24]} 26. Nd5 {[%emt 0:09:57]} Bxd5 {[%emt 0:01:40]} 27. cxd5 {[%emt 0:00:05]} Rxd5 {[%emt 0:06:48]} 28. Qf6 {[%emt 0:01:37]} Rf5 {[%emt 0:00:22]} 29. Rxf5 {[%emt 0:03:28]} gxf5 {[%emt 0:00:08]} 30. h3 {[%emt 0:00:58]} Qc1+ {[%emt 0:01:32]} 31. Kh2 {[%emt 0:00:02]} Qf4+ {[%emt 0:00:08]} 32. Kg1 {[%emt 0:00:39]} Qc1+ {[%emt 0:07:02]} 33. Kh2 {[%emt 0:00:08]} Qc7+ {[%emt 0:00:17]} 34. Kh1 {[%emt 0:01:16]} Qf7 {[%emt 0:00:18]} 35. Qg5+ {[%emt 0:00:36]} Qg6 {[%emt 0:01:26]} 36. Qd8+ {[%emt 0:00:11]} Kg7 {[%emt 0:00:50]} 37. Qe7+ {[%emt 0:00:17]} Qf7 {[%emt 0:00:45]} 38. Qg5+ {[%emt 0:00:06]} Qg6 {[%emt 0:00:21]} 1/2-1/2